Pays où les relations homosexuelles sont punies pénalement - Statistiques

Statistiques générales
  • Ce quiz a été pris 209 fois
  • Le résultat moyen est 31 sur 61
Statistiques - réponses
Continent Peine Pays % Correct
Afrique Amende, 2 ans de prison,exécutions d’autodéfense Algérie
92%
Afrique 3 ans de prison Maroc
91%
Asie Peine de mort(remise en place par régime Taliban) Afghanistan
82%
Asie 74 coups de fouet, peine de mort Iran
81%
Asie Prison à vie, peine de mort Arabie Saoudite
78%
Afrique Amende, 3 ans de prison TUnisie
78%
Afrique Amende, 17 ans de prison,exécutions d’autodéfense Égypte
77%
Afrique Amende, 3 ans de prison Libye
72%
Afrique De 1 à 5 ans de prison Sénégal
70%
Asie Amende, 7 ans de prison, peine de mort Qatar
68%
Asie 2 ans de prison à peine de mort Pakistan
67%
Afrique 3 ans de prison Somalie
67%
Afrique 14 ans de prison, peine de mort pour les États adoptant la charia Nigeria
66%
Afrique 7 ans de prison Soudan
66%
Asie 3 ans de prison Syrie
64%
Asie Déportation, amende, 10 à 14 ans de prison Émirats Arabes Unis
62%
Asie 100 coups de fouet, 1 à 7 ans de prison, peine de mort Yémen
62%
Asie 100 coups de fouets, 100 mois de prison pourmusulmans de la province d’Aceh Indonésie
61%
Afrique Peine de mort (aucune depuis 1987) Mauritanie
61%
Afrique De 3 à 15 ans de prison Éthiopie
57%
Afrique Amende Tchad
57%
Afrique 14 ans de prison Kenya
56%
Asie Amende, 3 ans de prison Oman
56%
Afrique De 6 mois à 3 ans de prison GUinée
55%
Afrique Amende, 5 ans de prison Cameroun
54%
Afrique 10 ans de prison(hommes uniquement) Ghana
52%
Afrique 10 ans de prison Soudan du Sud
52%
Asie 2 ans de prison pour les hommes Turkménistan
52%
Afrique Amende, 3 ans de prison Togo
50%
Asie Prison à vie Bangladesh
49%
Asie Amende, de 2 à 20 ans de prison, coups de fouetpour hommes et femmes musulman.es Malaisie
49%
Asie Amende, 6 ans de prison pour les hommes Koweït
47%
Asie 3 ans de prison pour les hommes Ouzbékistan
47%
Afrique Condamnation à mort possible Ouganda
46%
Afrique Prison à vie Tanzanie
45%
Afrique Jusqu’à 3 ans de prison(jamais appliquée) Érythrée
44%
Afrique 14 ans de prison Zambie
43%
Afrique 5 ans de prison Comores
41%
Afrique Prison à vie Gambie
41%
Asie 10 ans de prison pour les hommes dans la Bandede Gaza Palestine
41%
Amérique du Nord 10 ans de travail forcé pour les hommes(jamais appliquée) Jamaïque
39%
Asie Amende pour les musulmans de la ville de Marawi Philippines
38%
Asie Prison à vie (jamais appliquée) Birmanie
37%
Afrique 3 mois à 2 ans de prison Burundi
37%
Asie Amende, 10 ans de prison, peine de mortpar lapidation Brunei
36%
Afrique 1 an de prison Liberia
36%
Asie De 9 mois à 1 an de prison Maldives
36%
Afrique 14 ans de prison pour les hommes,5 ans de prison pour les femmes
(suspendues depuis 2012)
Malawi
34%
Afrique Prison à vie pour les homme(jamais appliquée) Sierra Leone
34%
Océanie 3 à 14 ans de prison pour les hommes(jamais appliquée) Papouasie-Nouvelle-Guinée
33%
Asie Amende, 10 ans de prison (jamais appliquée) Sri Lanka
33%
Océanie 10 ans de prison pour les hommes (jamais appliquée) Tonga
32%
Amérique du Nord Amende, 10 ans de prison pour les hommes Sainte-Lucie
29%
Amérique du Nord Amende, 10 ans de prison Saint-Vincent-et-les-Grenadines
29%
Océanie 14 ans de prison pour les hommes (jamais appliquée) Tuvalu
29%
Océanie 3 à 14 ans de prison pour les hommes(jamais appliquée) Kiribati
28%
Océanie 7 ans de prison pour les hommes (jamais appliquée) Samoa
28%
Amérique du Sud Prison à vie (jamais appliquée) Guyana
27%
Amérique du Nord 10 ans de prison pour les hommes Grenade
26%
Océanie 14 ans de prison (jamais appliquée) Salomon
25%
Amérique du Nord 10 ans de prison Dominique
23%
Aucun quiz correspondant
Distribution des résultats
% des personnes avec chaque résultat
Percentile par nombre de réponses
Votre historique - résultats
Vous n’avez pas pris ce quiz